<?xml version="1.0" encoding="UTF-8"?>
<record
    xmlns:xsi="http://www.w3.org/2001/XMLSchema-instance"
    xsi:schemaLocation="http://www.loc.gov/MARC21/slim http://www.loc.gov/standards/marcxml/schema/MARC21slim.xsd"
    xmlns="http://www.loc.gov/MARC21/slim">

  <leader>00334nam a2200133Ia 4500</leader>
  <datafield tag="999" ind1=" " ind2=" ">
    <subfield code="c">367</subfield>
    <subfield code="d">367</subfield>
  </datafield>
  <controlfield tag="003">OSt</controlfield>
  <controlfield tag="008">201107b           ||||| |||| 00| 0 eng d</controlfield>
  <datafield tag="082" ind1=" " ind2=" ">
    <subfield code="a"> 658.80285 </subfield>
  </datafield>
  <datafield tag="100" ind1=" " ind2=" ">
    <subfield code="a">WHITELEY, David.</subfield>
  </datafield>
  <datafield tag="245" ind1=" " ind2=" ">
    <subfield code="a"> E-Commerce Strategy Technologies and Applications </subfield>
  </datafield>
  <datafield tag="260" ind1=" " ind2=" ">
    <subfield code="a"> N.Delhi </subfield>
    <subfield code="b">TMH</subfield>
    <subfield code="c"> 2007</subfield>
  </datafield>
  <datafield tag="300" ind1=" " ind2=" ">
    <subfield code="a">259</subfield>
  </datafield>
  <datafield tag="942" ind1=" " ind2=" ">
    <subfield code="2">ddc</subfield>
    <subfield code="c">BK</subfield>
    <subfield code="0">3</subfield>
  </datafield>
  <datafield tag="952" ind1=" " ind2=" ">
    <subfield code="0">0</subfield>
    <subfield code="1">0</subfield>
    <subfield code="2">ddc</subfield>
    <subfield code="4">0</subfield>
    <subfield code="7">0</subfield>
    <subfield code="8">MBA</subfield>
    <subfield code="a">PIET</subfield>
    <subfield code="b">PIET</subfield>
    <subfield code="d">2017-06-27</subfield>
    <subfield code="e">Donated by Management</subfield>
    <subfield code="k">Donated by Management</subfield>
    <subfield code="l">0</subfield>
    <subfield code="o">381.142 WHE</subfield>
    <subfield code="p">29711</subfield>
    <subfield code="r">2019-12-04 00:00:00</subfield>
    <subfield code="w">2017-06-27</subfield>
    <subfield code="y">BK</subfield>
    <subfield code="z">Donated by Management</subfield>
  </datafield>
  <datafield tag="952" ind1=" " ind2=" ">
    <subfield code="0">0</subfield>
    <subfield code="1">0</subfield>
    <subfield code="2">ddc</subfield>
    <subfield code="4">0</subfield>
    <subfield code="7">0</subfield>
    <subfield code="8">MBA</subfield>
    <subfield code="a">PIET</subfield>
    <subfield code="b">PIET</subfield>
    <subfield code="d">2007-08-21</subfield>
    <subfield code="e">J B C, New Delhi</subfield>
    <subfield code="g">250.00</subfield>
    <subfield code="k">708</subfield>
    <subfield code="l">1</subfield>
    <subfield code="o">381.142 WHE</subfield>
    <subfield code="p">6820</subfield>
    <subfield code="r">2025-02-27 00:00:00</subfield>
    <subfield code="s">2024-12-24</subfield>
    <subfield code="w">2007-08-28</subfield>
    <subfield code="y">BK</subfield>
  </datafield>
  <datafield tag="952" ind1=" " ind2=" ">
    <subfield code="0">0</subfield>
    <subfield code="1">0</subfield>
    <subfield code="2">ddc</subfield>
    <subfield code="4">0</subfield>
    <subfield code="7">0</subfield>
    <subfield code="8">MBA</subfield>
    <subfield code="a">PIET</subfield>
    <subfield code="b">PIET</subfield>
    <subfield code="d">2007-08-21</subfield>
    <subfield code="e">J B C, New Delhi</subfield>
    <subfield code="g">250.00</subfield>
    <subfield code="k">708</subfield>
    <subfield code="l">0</subfield>
    <subfield code="o">381.142 WHE</subfield>
    <subfield code="p">6821</subfield>
    <subfield code="r">2019-12-04 00:00:00</subfield>
    <subfield code="w">2007-08-28</subfield>
    <subfield code="y">BK</subfield>
  </datafield>
  <datafield tag="952" ind1=" " ind2=" ">
    <subfield code="0">0</subfield>
    <subfield code="1">0</subfield>
    <subfield code="2">ddc</subfield>
    <subfield code="4">0</subfield>
    <subfield code="7">0</subfield>
    <subfield code="8">MBA</subfield>
    <subfield code="a">PIET</subfield>
    <subfield code="b">PIET</subfield>
    <subfield code="d">2007-08-21</subfield>
    <subfield code="e">J B C, New Delhi</subfield>
    <subfield code="g">250.00</subfield>
    <subfield code="k">708</subfield>
    <subfield code="l">2</subfield>
    <subfield code="o">381.142 WHE</subfield>
    <subfield code="p">6822</subfield>
    <subfield code="r">2024-10-14 00:00:00</subfield>
    <subfield code="s">2024-09-30</subfield>
    <subfield code="w">2007-08-28</subfield>
    <subfield code="y">BK</subfield>
  </datafield>
  <datafield tag="952" ind1=" " ind2=" ">
    <subfield code="0">0</subfield>
    <subfield code="1">0</subfield>
    <subfield code="2">ddc</subfield>
    <subfield code="4">0</subfield>
    <subfield code="7">0</subfield>
    <subfield code="8">MBA</subfield>
    <subfield code="a">PIET</subfield>
    <subfield code="b">PIET</subfield>
    <subfield code="d">2007-08-21</subfield>
    <subfield code="e">J B C, New Delhi</subfield>
    <subfield code="g">250.00</subfield>
    <subfield code="k">708</subfield>
    <subfield code="l">1</subfield>
    <subfield code="o">381.142 WHE</subfield>
    <subfield code="p">6823</subfield>
    <subfield code="r">2021-11-15 00:00:00</subfield>
    <subfield code="s">2021-10-27</subfield>
    <subfield code="w">2007-08-28</subfield>
    <subfield code="y">BK</subfield>
  </datafield>
  <datafield tag="952" ind1=" " ind2=" ">
    <subfield code="0">0</subfield>
    <subfield code="1">0</subfield>
    <subfield code="2">ddc</subfield>
    <subfield code="4">0</subfield>
    <subfield code="7">0</subfield>
    <subfield code="8">MBA</subfield>
    <subfield code="a">PIET</subfield>
    <subfield code="b">PIET</subfield>
    <subfield code="d">2007-08-21</subfield>
    <subfield code="e">J B C, New Delhi</subfield>
    <subfield code="g">250.00</subfield>
    <subfield code="k">708</subfield>
    <subfield code="l">0</subfield>
    <subfield code="o">381.142 WHE</subfield>
    <subfield code="p">6824</subfield>
    <subfield code="r">2019-12-04 00:00:00</subfield>
    <subfield code="w">2007-08-28</subfield>
    <subfield code="y">BK</subfield>
  </datafield>
  <datafield tag="952" ind1=" " ind2=" ">
    <subfield code="0">0</subfield>
    <subfield code="1">0</subfield>
    <subfield code="2">ddc</subfield>
    <subfield code="4">0</subfield>
    <subfield code="7">0</subfield>
    <subfield code="8">MBA</subfield>
    <subfield code="a">PIET</subfield>
    <subfield code="b">PIET</subfield>
    <subfield code="d">2007-08-21</subfield>
    <subfield code="e">J B C, New Delhi</subfield>
    <subfield code="g">250.00</subfield>
    <subfield code="k">708</subfield>
    <subfield code="l">0</subfield>
    <subfield code="o">381.142 WHE</subfield>
    <subfield code="p">6825</subfield>
    <subfield code="r">2019-12-04 00:00:00</subfield>
    <subfield code="w">2007-08-28</subfield>
    <subfield code="y">BK</subfield>
  </datafield>
  <datafield tag="952" ind1=" " ind2=" ">
    <subfield code="0">0</subfield>
    <subfield code="1">0</subfield>
    <subfield code="2">ddc</subfield>
    <subfield code="4">0</subfield>
    <subfield code="7">0</subfield>
    <subfield code="8">MBA</subfield>
    <subfield code="a">PIET</subfield>
    <subfield code="b">PIET</subfield>
    <subfield code="d">2007-08-21</subfield>
    <subfield code="e">J B C, New Delhi</subfield>
    <subfield code="g">250.00</subfield>
    <subfield code="k">708</subfield>
    <subfield code="l">0</subfield>
    <subfield code="o">381.142 WHE</subfield>
    <subfield code="p">6826</subfield>
    <subfield code="r">2019-12-04 00:00:00</subfield>
    <subfield code="w">2007-08-28</subfield>
    <subfield code="y">BK</subfield>
  </datafield>
  <datafield tag="952" ind1=" " ind2=" ">
    <subfield code="0">0</subfield>
    <subfield code="1">0</subfield>
    <subfield code="2">ddc</subfield>
    <subfield code="4">0</subfield>
    <subfield code="7">0</subfield>
    <subfield code="8">MBA</subfield>
    <subfield code="a">PIET</subfield>
    <subfield code="b">PIET</subfield>
    <subfield code="d">2007-08-21</subfield>
    <subfield code="e">J B C, New Delhi</subfield>
    <subfield code="g">250.00</subfield>
    <subfield code="k">708</subfield>
    <subfield code="l">1</subfield>
    <subfield code="o">658.80285 WHE</subfield>
    <subfield code="p">6827</subfield>
    <subfield code="q">2021-02-26</subfield>
    <subfield code="r">2021-02-12 00:00:00</subfield>
    <subfield code="s">2021-02-12</subfield>
    <subfield code="w">2007-08-28</subfield>
    <subfield code="y">BK</subfield>
  </datafield>
</record>
